• 首页
  • 本馆介绍
  • 公告通知
  • 最新文献
  • 馆藏检索
  • 电子资源
  • 读者导购
  • 参考咨询
  • 我的图书馆
  • 登录
  • 详细信息显示
  • 放入我的书架
  • 预约/预借图书
  • 作者相关作品
  • 分类相关作品
  • 丛书相关作品
  • 出版社相关作品

书目信息

  • 表格格式
  • 工作单格式
  • 卡片格式
题名:
农村实用力学
    
 
作者: ;华北农机学院《农村实用力学》编写组 编著
分册:  
出版信息: 北京   科学出版社  1978
页数: 397页
开本: 19cm
丛书名: 农村科学实验丛书
单 册:
中图分类: O39
科图分类:
主题词: 应用力学 , 农业科学:力学 , 力学:农业科学 , 力学--应用
电子资源:
ISBN:
000 00894nam2 2200277 45
001 0178000162
005 20060724095419.70
010    @dCNY0.95
091    @aCN@b13031.671
100    @a19950803d1978 em y0chiy0121 ea
101 0  @achi
102    @aCN@b110000
105    @ay z 000yy
200 10 @a农村实用力学@Anong cun shi yong li xue@f华北农机学院《农村实用力学》编写组编著@Fhua bei nong ji xue yuan《nong cun shi yong li xue》bian xie zu bian zhu
210    @a北京@c科学出版社@d1978
215    @a397页@d19cm
225 2  @a农村科学实验丛书
410  0 @120010@a农村科学实验丛书
606 0  @a应用力学
606    @a农业科学:力学
606    @a力学:农业科学
606 0  @a力学@x应用
690    @aO39@v3
711  0 @a华北农机学院《农村实用力学》编写组@Ahua bei nong ji xue yuan《nong cun shi yong li xue》bian xie zu@4编著
801  0 @aCN@bTSSF@c20060724
905    @a10447@dO39@e4
    
    农村实用力学/华北农机学院《农村实用力学》编写组编著.-北京:科学出版社,1978
    397页;19cm.-(农村科学实验丛书)
    
    
    ISBN :CNY0.95
    
●
相关链接 在E读中查询图书 在五车中查询图书 在当当中查询图书 在豆瓣中查询图书


正题名:农村实用力学     索取号:O39/4         预约/预借

序号 登录号 条形码 馆藏地/架位号 状态 备注
1 0012385   000386727   密集书库/ [索取号:O39/4] 在馆    
2 0012386   202323002   密集书库/ [索取号:O39/4] 在馆    
3 0012387   202322977   密集书库/ [索取号:O39/4] 在馆    
4 0027279   000386736   密集书库/ [索取号:O39/4] 在馆    
5 0430976   204309765   密集书库/ [索取号:O39/4] 在馆    
6 0430977   204309774   密集书库/ [索取号:O39/4] 在馆    
7 0430978   204309783   密集书库/ [索取号:O39/4] 在馆    
唐山师范学院图书馆 欢迎您!
大连网信软件有限公司© 版权所有